MARC

LEADER 00000nam0a2200000 4500
001 278861
005 20231101235144.0
035 |a (RuTPU)RU\TPU\book\302139 
090 |a 278861 
100 |a 20141215d1985 k y0rusy5003 ca 
101 0 |a rus 
102 |a RU 
105 |a a z 001zy 
200 1 |a Сборник работ по измерительным и вычислительным системам для исследования аэродинамики, динамики и прочности летательных аппаратов  |f Центральный аэрогидродинамический институт (ЦАГИ) 
210 |a Москва  |c Изд-во ЦАГИ  |d 1985 
215 |a 220 с.  |c ил.  |d 26 см 
225 1 |a Труды Центрального аэрогидродинамического института  |v Вып. 2277 
320 |a Библиогр. в конце статей 
606 1 |a Летательные аппараты  |x Динамический расчет  |x Аэродинамика  |2 stltpush  |3 (RuTPU)RU\TPU\subj\40103  |9 59975 
610 1 |a аэродинамические исследования 
610 1 |a расчет на прочность 
610 1 |a вакуумные аэродинамические трубы 
610 1 |a метрологические исследования 
610 1 |a давление 
610 1 |a индуктивные преобразователи 
610 1 |a чувствительность 
610 1 |a температурная погрешность 
610 1 |a пилотажные стенды 
610 1 |a визуализация 
610 1 |a термоприемники 
610 1 |a качество 
675 |a 629.73.015  |z rus  |v 4 
712 0 2 |a Центральный аэрогидродинамический институт (ЦАГИ)  |y Москва  |z 1918-  |2 stltpush  |3 (RuTPU)RU\TPU\col\4446 
801 0 |a RU  |b RuMRKP  |c 19950704  |g psbo 
801 1 |a RU  |b 63413507  |c 20141215 
801 2 |a RU  |b 63413507  |c 20180125  |g RCR 
942 |c BK